Les transferts de plus de 40M€ au mercato estival 2024/2025 - Statistiques

Statistiques générales
  • Ce quiz a été pris 273 fois
  • Le résultat moyen est 11 sur 24
Statistiques - réponses
Prix Joueur Club Rejoint % Correct
75M Julián Alvarez Atlético Madrid
89%
59.92M João Neves Paris Saint-Germain
84%
53M Michael Olise FC Bayern München
68%
40M Willian Pacho Paris Saint-Germain
68%
55M Dani Olmo FC Barcelone
63%
64.30M Dominic Solanke Tottenham Hotspur
63%
62M Leny Yoro Manchester United
59%
60M Moussa Diaby Al-Ittihad
59%
50M Désiré Doué Paris Saint-Germain
53%
47.50M Endrick Real Madrid
50%
42.50M Joshua Zirkzee Manchester United
44%
42M Conor Gallagher Atlético Madrid
42%
45M Matthijs De Ligt Manchester United
40%
60M Pedro Neto Chelsea FC
40%
59.35M Amadou Onana Aston Villa
39%
45M Riccardo Calafiori Arsenal FC
38%
52M João Félix Chelsea FC
34%
51.50M Douglas Luiz Juventus Turin
33%
51M João Palhinha FC Bayern München
26%
46.70M Georginio Rutter Brighton
18%
41.25M Archie Gray Tottenham Hotspur
15%
47.50M Max Kilman West Ham United
12%
44.50M Ian Maatsen Aston Villa
10%
41.20M Elliot Anderson Nottingham Forest
8%
Aucun quiz correspondant
Distribution des résultats
% des personnes avec chaque résultat
Percentile par nombre de réponses
Votre historique - résultats
Vous n’avez pas pris ce quiz